000 00188nam a2200085Ia 4500
008 120527s9999 xx 000 0 und d
100 _aSchaefer, T
245 _aSociology matter
942 _cBK
999 _c27704
_d27704